Quizz sur la Bretagne et son histoire. - Statistiques

Statistiques générales
  • Ce quiz a été pris 248 fois
  • Le résultat moyen est 3 sur 15
Statistiques - réponses
Hint Réponse % Correct
Quel est le plus long cours d’eau de Bretagne (hors Loire) ? La vilaine
55%
Qui sont les korrigans ? Des lutins
50%
Quel surnom donne-t-on à Saint-Malo ? La cité corsaire
44%
Qui est l’Ankou dans la mythologie bretonne ? Le serviteur de la mort
39%
Quelle est la plus grande des îles du golfe du Morbihan ? L’ile aux moines
31%
Le kouign-amann est une spécialité de… Douarnenez
27%
En quelle année la Bretagne s’est-elle rattachée a la France ? 1532
25%
Le 6 décembre 1491, Anne de Bretagne devient reine de France en épousant... Charles 8
17%
Quel est le point culminant de la Bretagne ? Le Roc’h Ruz
10%
Où se trouve la source de la Vilaine ? En mayenne
9%
Qui a provoqué la chute du roi Arthur ? Mordred
9%
Quel est le point le plus à l’ouest de la Bretagne continentale ? La pointe de Corsen
6%
Quel age ont les alignements de Carnac ? 5000 ans
3%
À quoi l’édit de Nantes, en 1598, veut-il mettre un terme ? Aux guerres de religion
3%
Qu’est-ce que l’humanité doit à Yves-René Scordia ? Le kouign amman
1%
Aucun quiz correspondant
Distribution des résultats
% des personnes avec chaque résultat
Percentile par nombre de réponses
Votre historique - résultats
Vous n’avez pas pris ce quiz